00511nam a22001697a 450000500170000001000150001702000260003203500140005803700090007208200060008110000210008724500370010825000060014526000480015127001210019930000210032020260514101945.0 aENG-148462 a9789395481250c300.00 aEN-131994 bDBAD aS aHedge, Nikhil D. aThe Water Veil/cNikhil D. Hedge a1 bVishwakarma Publicationsc2023aMaharashtra a34A/1, Suyog Center, 7th floor, Gultekedi Marketyard Road, Giridhar Bhavan Chowk, e411037bPuneminfo@vpindia.co.in a184p.c20cm (pb)